000 00777nam a2200289Ia 4500
001 Para_2071
003 CHAP
008 220125s1995 xx 000 0 und d
010 _a200704
040 _cCHAP
082 _aPA 632 P5 1995
100 _aPlanes, Silverio
_9165576
245 _aPlagas del campo /
_c por Silverio Planes y José María Carrero
250 _a12 ed.
260 _aMadrid, España :
_b Mundi-Prensa
300 _a550 p.
650 _aAgricultura
_x plagas
_91764
650 _aFitopatología
_941161
700 _aCarrero, José María
_919420
901 _aPA 632 P5 1995
902 _aA
905 _a0000001995 a 0000000000 00
910 _a1995
942 _cPARA
942 _cPARA
_d1
999 _c200704
_d200704